Jedyne państwo świata które... - Statystyki

Ogólne statystyki
  • Ten quiz został rozwiązany 84 razy
  • Średni wynik to 7 z 10
Statystyki odpowiedzi
Hint Odpowiedź % Poprawnych
Zaczyna się na v Vanuatu
99%
Zaczyna się na po ale to nie jest
Portugalia
Polska
96%
Graniczy z kanadą Stany Zjednoczone
90%
Ma mniejszą ludność niż chiny ale ma
Większą niż miliard
Indie
88%
Jest mniejsza niż kilometr
Kwadratowy
Watykan
81%
Państwo oceanii które graniczy z
Państwem z innego kontynentu
Papua Nowa Gwinea
68%
Jest mniejsze od rosji i
Większe od chin
Kanada
66%
Graniczy z brunei Malezja
62%
Państwo które jest na wszystkich
Czterech półkulach
Kiribati
43%
Ma taką samą flagę jak jej
Terytorium zależne
Norwegia
26%
Nie znaleziono quizów pasujących do podanych kryteriów
Rozkład punktacji
Procent ludzi z każdym wynikiem
Percentyl według liczby udzielonych odpowiedzi
Twoja historia wyników
Nie rozwiązałeś tego quizu